000 00270nam a22001097a 4500
008 170113b xxu||||| |||| 00| 0 eng d
020 _a0894438468
041 _aeng
080 _a618.2
245 _aCLINICAL ELECROCARDIOGRAPHY FOR NURSES
_cSWEETWOOD, H.M
942 _2udc
_cBK
999 _c2854
_d2854